Gaming Quiz

Random Gaming Quiz

Metal Gear Solid Characters Quiz Stats

Quiz not verified by Sporcle

Challenge
Share
Tweet
Embed
Score 0/42 Timer 08:00
0 Plays Today
Clues Characters % Correct
FOXHOUND's finestSolid Snake
97.1%
Legendary SoldierNaked Snake
95%
Superior BrotherLiquid Snake
92.4%
Former child-soldierRaiden
90.3%
Long time allyOtacon
87.6%
GunslingerRevolver Ocelot
87.3%
Gas-mask wearing psychicPsycho Mantis
85.8%
Mother of Special ForcesThe Boss
83%
Final Member of Les Enfants TerriblesSolidus Snake
80.6%
Legendary SniperThe End
80.1%
At one with the dead...The Sorrow
76.3%
Invincible?Vamp
76.2%
Like Spiderman, but worse...The Fear
75.9%
Bomb fanaticFatman
75.9%
Female spy and Femme fataleEVA
74.9%
Like a bunsen burner, but worse...The Fury
73%
'Born on the battlefield'Sniper Wolf
72.9%
Teller of Chinese ProverbsMei Ling
72.5%
At one with nature...The Pain
71.1%
Lucky LadyFortune
70.4%
Shaman and GiantVulcan Raven
70%
Clues Characters % Correct
'SNAAAAAAAAKE!!!!!!!'Colonel Campbell
69.9%
Friend or Foe?Grey Fox
67.5%
Master of DisguiseDecoy Octopus
66.6%
EEEmma Emmerich
66%
Sadistic StalinistColonel Volgin
65.1%
Guffauwing SquidLaughing Octopus
63.7%
Sobbing DogCrying Wolf
63.6%
DARPA ChiefSigint
63.5%
Head of FOXHOUND's medical dept.Naomi Hunter
62.6%
Daughter of OlgaSunny
62.3%
Vital member of Operation Snake-EaterPara-Medic
60.1%
British commanderMajor Zero
58.6%
Shady Arms DealerDrebin
57.9%
Wailing InsectScreaming Mantis
57.9%
Aggressive BirdRaging Raven
55.8%
Survival trainerMaster Miller
54.9%
An arm for an armLiquid Ocelot
54.3%
Commander of RAT patrolMeryl Silverburgh
51.2%
Inventor of ShagohodNikolai Sokolov
49.3%
Private MercenaryOlga Gurlukovich
28.6%
Systems analystRosemary
22.1%

You're not logged in!

Compare scores with friends on all Sporcle quizzes.
Sign Up with Email
OR
Log In

You Might Also Like...

Show Comments

Extras

Top Quizzes Today


Score Distribution

Your Account Isn't Verified!

In order to create a playlist on Sporcle, you need to verify the email address you used during registration. Go to your Sporcle Settings to finish the process.